000 00494nam a2200145Ia 4500
041 _aArabic
082 _a796.077 cut-599 ح
100 _a20260118u\\\\\\\\\\\y0engy0103\\\\ba
100 _aقاسم حسن حسين
245 0 _aالموهوب الرياضي سماته وخصائصه في مجال التدريب الرياضي
250 _aط1
260 _bدار الفكر للطباعة والنشر والتوزيع
_aعمان - الاردن
_c1999
300 _a462
942 _cBk
999 _c190433
_d190433